| 000 | 00373nam a2200157Ia 4500 | ||
|---|---|---|---|
| 003 | Ost | ||
| 005 | 20260225132557.0 | ||
| 008 | 260225s9999||||xx |||||||||||||| ||und|| | ||
| 040 | _cfsic | ||
| 041 | _afre | ||
| 082 | _a440 | ||
| 100 |
_aDesaphy _eAuteur |
||
| 245 | 0 | _al'aventure algérienne dans l'ombre du général massuM2012 / | |
| 245 | 0 | _cDesaphy | |
| 942 | _cكتاب | ||
| 999 |
_c34551 _d34551 |
||